| 000 | 00493nam a2200181Ia 4500 | ||
|---|---|---|---|
| 003 | GCL | ||
| 008 | 140319s9999 xx 000 0 ara d | ||
| 040 |
_aGCL / _cGCL |
||
| 082 | 0 | 4 |
_a614 _bج ص |
| 100 | 1 | _aجوزيف عبود كبة | |
| 245 | 1 | 0 |
_aالصحة تاجك: حافظى عليه / _cجوزيف عبود كبة |
| 300 | _a374 | ||
| 490 |
_a100 قصة _v0 |
||
| 650 | 0 | 4 | _aالطب |
| 650 | 0 | 4 | _aالرعاية الصحية |
| 650 | 0 | 4 | _aالصحة العامة |
| 942 |
_2ddc _cBK |
||
| 999 |
_c43733 _d43733 |
||